Estadísticas para Personas Históricas por Descripción de Wikipedia #1

Haz click aquí para intentar la prueba.

Estadísticas generales

  • Esta prueba ha sido intentada 889 veces
  • La puntuación promedio es 10 de 21

Estadísticas de respuestas

ExtractoPersona% Correcto
Él preservó la Unión, abolió la esclavitud y fortaleció el gobierno federalAbraham Lincoln
78%
Fue el principal dirigente bolchevique de la Revolución de octubre de 1917Vladimir Lenin
73%
Su gobierno se dedicó a desmontar la estructura social y política heredada del apartheidNelson Mandela
68%
a² + b² = c²Pitágoras
66%
La victoria comunista provocó la huida del Kuomintang a Taiwán y
lo convirtió en el líder máximo de China hasta su muerte en 1976.
Mao Zedong
65%
Desarrolló el fonógrafo, la cámara de cine y una duradera bombilla incandescenteThomas Edison
65%
El objetivo de él era hacer realidad el concepto de la Gran
Italia basado en la absoluta hegemonía de Roma en el mar mediterráneo
Benito Mussolini
63%
Asesinado por un fanático integracionista hinduista el 30 de enero de 1948Mahatma Gandhi
58%
Se considera como "el último de los profetas," el último de una
larga cadena de mensajeros enviados por Dios para actualizar su mensaje
Mahoma
56%
De las setenta ciudades que fundó, cincuenta de ellas llevaban su nombreAlejandro Magno
54%
Nacido bajo el nombre de Cayo Octavio Turino, fue adoptado por su tío abuelo
Julio César en su testamento, en el año 44 a. C.
Augusto
54%
Las películas más destacadas de él fueron La quimera del oro,
Luces de la ciudad, Tiempos modernos y El gran dictador.
Charlie Chaplin
53%
Célebre por los relatos "Livre des merveilles du monde" que se le atribuyen sobre el
viaje a Asia Oriental; dio a conocer en Europa las civilizaciones del Asia central y China
Marco Polo
46%
Fue la primera en ostentar el título de emperatriz de la India
desde el 1 de enero de 1877 hasta su deceso
Reina Victoria
45%
El segundo viaje del HMS Beagle consolidó su fama como eminente geólogoCharles Darwin
38%
"No tengo nada más que ofrecer que sangre, esfuerzo, lágrimas y sudor"Winston Churchill
34%
Su muerte fue seguida de una reacción
termidoriana que desmanteló el régimen del Terror
Maximilien Robespierre
27%
Convenció al rey Carlos VII a darle autoridad sobre su ejército en el sitio de OrleansJuana de Arco
25%
Él y Tenzing Norgay se convirtieron en los primeros montañeros que
lograron alcanzar con éxito la cima del monte Everest
Edmund Hillary
21%
La ironía que emplea para dotar de comicidad a sus novelas
hace que ella sea considerada entre los clásicos de la novela inglesa
Jane Austen
17%
Es más famoso por su duelo con Alexander Hamilton (que resultó en la muerte de éste)Aaron Burr
15%

Distribución de puntuación

Porcentaje por número respondido

Porcentaje de gente con cada puntuación

Historial de tus puntuaciones

No has intentado esta prueba.